/ 3



Do Dukho Ka Ek Sukh (Record no. 38242)

MARC details
000 -LEADER
fixed length control field 00279nam a22001097a 4500
008 - FIXED-LENGTH DATA ELEMENTS--GENERAL INFORMATION
fixed length control field 240529b |||||||| |||| 00| 0 eng d
100 ## - MAIN ENTRY--PERSONAL NAME
Personal name Matiyani, Shailesh
245 ## - TITLE STATEMENT
Title Do Dukho Ka Ek Sukh
260 ## - PUBLICATION, DISTRIBUTION, ETC.
Place of publication AIlahabad:
Name of publisher Kitab Mahal Pub;
Year of publication 1966.
300 ## - PHYSICAL DESCRIPTION
Number of Pages 254p.
942 ## - ADDED ENTRY ELEMENTS (KOHA)
Koha item type Books
Holdings
Accession Number Cost, replacement price Lost status Damaged status Price effective from Koha item type Not for loan Withdrawn status Home library Current library Shelving location Date acquired Source of acquisition Cost, normal purchase price
9295 5.00     12/14/2022 Books   Withdrawn RCL RCL General Stacks 12/14/2022 DDC 5.00

Find us on the map

Contact Us

RAMANUJAN COLLEGE UNIVERSITY OF DELHI, KALKAJI, NEW DELHI 110019
library@ramaanujan.du.ac.in
011-35002219
https://library.ramanujancollege.ac.in/
ramanujancollegelibrary
                                 
Customized & Maintained by Department of Library
Visitor Counter